| 000 | 00569nam a2200205Ia 4500 | ||
|---|---|---|---|
| 005 | 20250923145034.0 | ||
| 008 | 008 250917s9999 xx 000 0 eng d | ||
| 037 | _aTextual | ||
| 040 |
_aDSWL _beng _cDSWL |
||
| 041 |
_aeng _2eng |
||
| 084 |
_aX:275, K0.1 _qDSWL |
||
| 100 |
_aTheobald, Robert _9831165 |
||
| 245 | 0 |
_aRich and the poor _cby Robert Theobald |
|
| 260 |
_aNew York _b Clarkson N.Potter _c1960 |
||
| 300 | _axx,713 p. | ||
| 365 |
_aUSD _b4.5 |
||
| 925 | _g4.5 | ||
| 942 |
_cTEXL _hX:275, K0.1 |
||
| 999 |
_c1446338 _d1446338 |
||